Investovanie do štátnych a podnikových dlhopisov z pohľadu ich rizika bakalárska práca

Salvato in:
Dettagli Bibliografici
Autore principale: Lovič, Michal
Ente Autore: Národohospodárska fakulta EU. Katedra bankovníctva a medzinárodných financií
Altri autori: Chovancová, Božena
Natura: Libro
Lingua:slovacco
Pubblicazione: Bratislava 2018
Tags: Aggiungi Tag
Nessun Tag, puoi essere il primo ad aggiungerne!!

MARC

LEADER 00000nbm a2200000 4500
001 0245864
005 20181214082216.9
041 0 |a slo 
044 |a SK 
245 1 0 |a Investovanie do štátnych a podnikových dlhopisov z pohľadu ich rizika  |b bakalárska práca  |c Michal Lovič ; školiteľ: Božena Chovancová 
264 1 |a Bratislava  |c 2018 
300 |a 52 s. 
100 1 |a Lovič, Michal 
700 1 |a Chovancová, Božena 
710 2 |a Národohospodárska fakulta EU. Katedra bankovníctva a medzinárodných financií